| 000 | 00480cam a2200193ua 4500 | ||
|---|---|---|---|
| 020 | _c300.00 | ||
| 041 |
_aeng _h |
||
| 082 |
_a628.5 _bJOS/EN |
||
| 100 | _aJoshi, K.N . | ||
| 245 |
_aEnvironmental monitoring and pollution measures / _cK.N.Joshi. _hTextual Documents |
||
| 250 |
_a1 / _b. |
||
| 260 |
_a : _bAcademic Publishers , _c1991. |
||
| 300 | _a237 ; . | ||
| 365 | _a300.00 | ||
| 504 | _a | ||
| 700 | 1 | _aChouhan, T.S . | |
| 942 | _cBK | ||
| 999 |
_c2395 _d2395 |
||